00926cam a2200229 a 450000100100000000500170001000800410002704000250006808200170009310000410011024501190015126000280027030000280029849000460032650400320037265000290040465000310043370000440046483000530050895201200056199900150068100000275020200929150242.0750707s1969 sp a b 000 p spa d aDO-SdBNPbspacBNPHU a861.62bU54p1 aUnamuno, Miguel de,d1864-19369625410aPoemas de los pueblos de España /cMiguel de Unamuno ; prólogo, selección y notas de Manuel García Blanco. aMadrid :bAnaya,c1969. a174 p. :bil. ;c17 cm.1 aBiblioteca Anaya. Autores Españolesv11 aBibliografía: (p. 25-27). 4aPoesía española9631 4aLiteratura española96321 aGarcía Blanco, Manuel,epról.98663 0aBiblioteca Anaya. Autores Españoles;v1194941 001054708MOaGRbGRcHDd2009-07-03iLF1l0o861.62 U54pp2750-10r2020-06-25w2020-06-25y4ZPréstamo en sala c2584d2584